Southville International School and Colleges
Your cart is empty.
  • Cart
  • Lists
    Public lists Eva Luna New books Lux_list list_1
    Your lists Log in to create your own lists
  • Log in to your account
  • Your cookies
  • Search history
Southville International School and Colleges
  • Advanced search
  • Recent comments
  • Most popular
  • Libraries

Log in to your account

Log in with GOOGLE


If you do not have an external account, but do have a local account, you can still log in:

  1. Home
  2. MARC view: Writing research papers :
Normal view MARC view ISBD view

Writing research papers : (Record no. 284547)

[ view plain ]
MARC details
000 -LEADER
fixed length control field 01973cam a2200349 i 4500
001 - CONTROL NUMBER
control field 17885093
003 - CONTROL NUMBER IDENTIFIER
control field PILC
005 - DATE AND TIME OF LATEST TRANSACTION
control field 20150601103537.0
008 - FIXED-LENGTH DATA ELEMENTS--GENERAL INFORMATION
fixed length control field 130913t20152015maua b 001 0 eng
010 ## - LIBRARY OF CONGRESS CONTROL NUMBER
LC control number 2013036786
020 ## - INTERNATIONAL STANDARD BOOK NUMBER
International Standard Book Number 9780321952950 (pbk.)
020 ## - INTERNATIONAL STANDARD BOOK NUMBER
International Standard Book Number 0321952952 (pbk.)
020 ## - INTERNATIONAL STANDARD BOOK NUMBER
Cancelled/invalid ISBN 9780321952943
020 ## - INTERNATIONAL STANDARD BOOK NUMBER
Cancelled/invalid ISBN 0321952944
040 ## - CATALOGING SOURCE
Original cataloging agency DLC
Language of cataloging eng
Transcribing agency DLC
Description conventions rda
Modifying agency DLC
042 ## - AUTHENTICATION CODE
Authentication code pcc
050 00 - LIBRARY OF CONGRESS CALL NUMBER
Classification number LB 2369
Item number .L642 2015
082 00 - DEWEY DECIMAL CLASSIFICATION NUMBER
Classification number 371.30281
100 1# - MAIN ENTRY--PERSONAL NAME
Personal name Lester, James D.,
Titles and other words associated with a name Sr.,
Dates associated with a name 1935-2006.
245 10 - TITLE STATEMENT
Title Writing research papers :
Remainder of title a complete guide /
Statement of responsibility, etc James D. Lester, James D. Lester, Jr., Austin Peay State University.
250 ## - EDITION STATEMENT
Edition statement Fifteenth edition.
260 ## - PUBLICATION, DISTRIBUTION, ETC. (IMPRINT)
Place of publication, distribution, etc Boston :
Name of publisher, distributor, etc Pearson,
Date of publication, distribution, etc 2015.
300 ## - PHYSICAL DESCRIPTION
Extent xviii, 398 pages :
Other physical details illustrations (some color) ;
Dimensions 23 cm.
500 ## - GENERAL NOTE
General note Includes glossary, appendix, bibliographical references and index.
505 0# - FORMATTED CONTENTS NOTE
Formatted contents note Writing from research -- Finding a topic -- Organizing ideas and setting goals -- Gathering sources online -- Gathering sources in the library -- Conducting field research -- Understanding and avoiding plagarism -- Reading and evaluating sources -- Writing effective notes and creating outlines -- Drafting the paper in the academic style -- Blending reference material into your writing by using MLA style -- Writing the introduction, body, and conclusion -- Revising, proofreading, and formatting the rough draft -- Works cited: MLA style -- Writing in APA style -- The footnote system: CMS style -- CSE style for the natural and applied sciences -- Creating electronic and multimedia research projects.
650 #0 - SUBJECT ADDED ENTRY--TOPICAL TERM
Topical term or geographic name as entry element Report writing
Form subdivision Handbooks, manuals, etc.
650 #0 - SUBJECT ADDED ENTRY--TOPICAL TERM
Topical term or geographic name as entry element Research
Form subdivision Handbooks, manuals, etc.
700 1# - ADDED ENTRY--PERSONAL NAME
Personal name Lester, James D.,
Titles and other words associated with a name Jr.,
Dates associated with a name 1959-
906 ## - LOCAL DATA ELEMENT F, LDF (RLIN)
a 7
b cbc
c orignew
d 1
e ecip
f 20
g y-gencatlg
942 ## - ADDED ENTRY ELEMENTS (KOHA)
Source of classification or shelving scheme Library of Congress Classification
Koha item type Books
Call number prefix Foreign
Holdings
Withdrawn status Lost status Source of classification or shelving scheme Damaged status Home library Current library Shelving location Date acquired Source of acquisition Sub Shelving location Total Checkouts Total Renewals Full call number Barcode Date last seen Date checked out Price effective from Koha item type
    Library of Congress Classification   College Library College Library Reserve Section 06/01/2015 Library Fund   8 14 LB 2369 .L642 2015 C19468 05/05/2025 02/25/2025 06/01/2015 Books

Writing research papers :

APA

Lester J. D., Lester J. D., . (2015). Writing research papers. Boston: Pearson.

Chicago

Lester James D, Lester James D, . 2015. Writing research papers. Boston: Pearson.

Harvard

Lester J. D., Lester J. D., . (2015). Writing research papers. Boston: Pearson.

MLA

Lester James D, Lester James D, . Writing research papers. Boston: Pearson. 2015.

  • Place hold
  • Print
  • Cite
  • Add to your cart (remove)
  • Save record
    BIBTEX Dublin Core MARCXML MARC (non-Unicode/MARC-8) MARC (Unicode/UTF-8) MARC (Unicode/UTF-8, Standard) MODS (XML) RIS
  • More searches
    Search for this title in:
    Other Libraries (WorldCat) Other Databases (Google Scholar) Online Stores (Bookfinder.com) Open Library (openlibrary.org)

Exporting to Dublin Core...

SOUTHVILLE LIBRARY

Southville International School and Colleges Library

1281 Tropical Ave. Cor. Luxembourg St., BF Homes International, Las Pinas City

Tel. No. 8256374 / 252358 Loc. 117/146

Powered by Koha